000 00594nam a2200181Ia 4500
008 090124s9999 xx 000 0 und d
082 _b4849
100 _aकुलकर्णी वा. ल.
245 _a काळोखाचीं पिसे
250 _a0
260 _bपॉप्युलर बुक डेपो
_c1954
300 _a149
600 _aकुलकर्णी वा. ल.
630 _a काळोखाचीं पिसे
700 _aकुलकर्णी वा. ल.
730 _a काळोखाचीं पिसे
942 _cBOOK
999 _c83919
_d83919